Macroeconomics (Record no. 320854)

000 -LEADER
fixed length control field 00396 a2200157 4500
001 - CONTROL NUMBER
control field 85781
003 - CONTROL NUMBER IDENTIFIER
control field NUST
005 - DATE AND TIME OF LATEST TRANSACTION
control field 20180119203231.0
008 - FIXED-LENGTH DATA ELEMENTS--GENERAL INFORMATION
fixed length control field 180119b xxu||||| |||| 00| 0 eng d
020 ## - INTERNATIONAL STANDARD BOOK NUMBER
International Standard Book Number 9780070468221
082 ## - DEWEY DECIMAL CLASSIFICATION NUMBER
Classification number 339 WAL
100 ## - MAIN ENTRY--PERSONAL NAME
Personal name William B. Walstad ; Robert C. Bingham
9 (RLIN) 9173
245 ## - TITLE STATEMENT
Title Macroeconomics
Medium English
250 ## - EDITION STATEMENT
Edition statement 13th
260 ## - PUBLICATION, DISTRIBUTION, ETC.
Place of publication, distribution, etc. New York
Name of publisher, distributor, etc. McGraw Hill
Date of publication, distribution, etc. 1996
300 ## - PHYSICAL DESCRIPTION
Extent xii 305 p.
500 ## - GENERAL NOTE
General note Gifted By AM Masood Akhtar
942 ## - ADDED ENTRY ELEMENTS (KOHA)
Institution code [OBSOLETE] caenust
Koha item type Book
Call number prefix 339 WAL
Source of classification or shelving scheme
Holdings
Withdrawn status Lost status Damaged status Not for loan Collection code Permanent Location Current Location Date acquired Total Checkouts Full call number Barcode Date last seen Price effective from Koha item type
          College of Aeronautical Engineering (CAE) College of Aeronautical Engineering (CAE) 04/03/2017   339 WAL CAEG-9737 04/05/2017 04/05/2017 Book
© 2023 Central Library, National University of Sciences and Technology. All Rights Reserved.